Sports Quiz

Random Sports or NFL Quiz
Score 0/87 Timer 08:00
0 Plays Today
Game Name % Correct
Falcons at LionsJulio Jones
100%
Titans at PackersJames Jones
100%
Falcons at LionsMatt Ryan
97.6%
Falcons at LionsRoddy White
97.6%
Saints at CowboysDrew Brees
97.6%
Raiders at PanthersCam Newton
97.6%
Saints at CowboysTony Romo
95.1%
Saints at CowboysDez Bryant
95.1%
Titans at PackersAaron Rodgers
95.1%
Bills at DolphinsBrad Smith
95.1%
Redskins at EaglesRobert Griffin
95.1%
Raiders at PanthersSteve Smith
95.1%
Patriots at JaguarsTom Brady
95.1%
Giants at RavensTorrey Smith
95.1%
Colts at ChiefsAndrew Luck
92.7%
Colts at ChiefsReggie Wayne
92.7%
Chargers at JetsShonn Greene
92.7%
Bengals at SteelersAntonio Brown
92.7%
Browns at BroncosPeyton Manning
92.7%
Bears at CardinalsJay Cutler
92.7%
Giants at RavensEli Manning
92.7%
Saints at CowboysPierre Thomas
90.2%
Saints at CowboysDavid Thomas
90.2%
Saints at CowboysMiles Austin
90.2%
Colts at ChiefsJamaal Charles
90.2%
Chargers at JetsPhilip Rivers
90.2%
Bengals at SteelersBen Roethlisberger
90.2%
Rams at BuccaneersSteven Jackson
90.2%
Rams at BuccaneersSam Bradford
90.2%
Game Name % Correct
Rams at BuccaneersJosh Freeman
90.2%
Patriots at JaguarsChad Henne
90.2%
Browns at BroncosDemaryius Thomas
90.2%
Bears at CardinalsBrandon Marshall
90.2%
Titans at PackersGreg Jennings
87.8%
Redskins at EaglesNick Foles
87.8%
Redskins at EaglesJeremy Maclin
87.8%
Patriots at JaguarsWes Welker
87.8%
Vikings at TexansChristian Ponder
87.8%
Saints at CowboysLance Moore
85.4%
Bills at DolphinsReggie Bush
85.4%
Bills at DolphinsRyan Fitzpatrick
85.4%
Giants at RavensRay Rice
85.4%
Titans at PackersJake Locker
82.9%
Bills at DolphinsRyan Tannehill
82.9%
Redskins at EaglesAlfred Morris
82.9%
Rams at BuccaneersMike Williams
82.9%
Falcons at LionsMikel Leshoure
80.5%
Saints at CowboysMark Ingram
80.5%
Patriots at JaguarsJustin Blackmon
80.5%
Browns at BroncosEric Decker
80.5%
Browns at BroncosColt McCoy
80.5%
Bears at CardinalsMatt Forte
80.5%
Giants at RavensJoe Flacco
80.5%
49ers at SeahawksAnthony McCoy
80.5%
Titans at PackersKenny Britt
78%
Redskins at EaglesSantana Moss
78%
Giants at RavensDavid Wilson
78%
49ers at SeahawksMarshawn Lynch
78%
Game Name % Correct
49ers at SeahawksRussell Wilson
78%
Chargers at JetsAntonio Gates
75.6%
Titans at PackersRyan Grant
73.2%
Vikings at TexansKyle Rudolph
73.2%
Titans at PackersRandall Cobb
70.7%
49ers at SeahawksColin Kaepernick
68.3%
Chargers at JetsDanario Alexander
61%
Patriots at JaguarsDanny Woodhead
58.5%
Saints at CowboysDwayne Harris
53.7%
Titans at PackersDuJuan Harris
53.7%
49ers at SeahawksDoug Baldwin
51.2%
Browns at BroncosGreg Little
48.8%
Bears at CardinalsCharles Tillman
48.8%
Rams at BuccaneersLance Kendricks
46.3%
Giants at RavensDomenik Hixon
46.3%
Redskins at EaglesDion Lewis
43.9%
Redskins at EaglesJoshua Morgan
41.5%
Vikings at TexansToby Gerhart
41.5%
Bengals at SteelersLeon Hall
36.6%
49ers at SeahawksRichard Sherman
36.6%
49ers at SeahawksDelanie Walker
36.6%
Rams at BuccaneersJanoris Jenkins
34.1%
Falcons at LionsMichael Palmer
29.3%
Browns at BroncosJacob Hester
26.8%
Rams at BuccaneersAustin Pettis
22%
Colts at ChiefsDarius Butler
19.5%
Chargers at JetsMicheal Spurlock
9.8%
Bears at CardinalsZack Bowman
7.3%
Bears at CardinalsJustin Bethel
2.4%

You're not logged in!

Compare scores with friends on all Sporcle quizzes.
OR
Log In

Sporcle TV

Today on Sporcle TV


Watch our educational content, quiz creation guides, and fun videos on Sporcle TV.

Show Comments

Extras

Top Quizzes Today


Score Distribution

Paid Content

Your Account Isn't Verified!

In order to create a playlist on Sporcle, you need to verify the email address you used during registration. Go to your Sporcle Settings to finish the process.

Report this User

Report this user for behavior that violates our Community Guidelines.

Details: